<?xml version="1.0" encoding="UTF-8"?>
<record
    xmlns:xsi="http://www.w3.org/2001/XMLSchema-instance"
    xsi:schemaLocation="http://www.loc.gov/MARC21/slim http://www.loc.gov/standards/marcxml/schema/MARC21slim.xsd"
    xmlns="http://www.loc.gov/MARC21/slim">

  <leader>02246nam a22003977a 4500</leader>
  <datafield tag="952" ind1=" " ind2=" ">
    <subfield code="0">0</subfield>
    <subfield code="1">0</subfield>
    <subfield code="2">lcc</subfield>
    <subfield code="4">0</subfield>
    <subfield code="7">0</subfield>
    <subfield code="a">04</subfield>
    <subfield code="b">04</subfield>
    <subfield code="d">2013-09-06</subfield>
    <subfield code="l">10</subfield>
    <subfield code="o">QH307.2 B54 2012</subfield>
    <subfield code="p">05 001477</subfield>
    <subfield code="r">2023-02-17</subfield>
    <subfield code="s">2018-03-22</subfield>
    <subfield code="t">1</subfield>
    <subfield code="w">2013-09-06</subfield>
    <subfield code="y">LB</subfield>
  </datafield>
  <datafield tag="952" ind1=" " ind2=" ">
    <subfield code="0">0</subfield>
    <subfield code="1">0</subfield>
    <subfield code="2">lcc</subfield>
    <subfield code="4">0</subfield>
    <subfield code="7">0</subfield>
    <subfield code="a">04</subfield>
    <subfield code="b">04</subfield>
    <subfield code="d">2013-09-06</subfield>
    <subfield code="l">22</subfield>
    <subfield code="m">1</subfield>
    <subfield code="o">QH307.2 B54 2012</subfield>
    <subfield code="p">05 001478</subfield>
    <subfield code="r">2023-02-17</subfield>
    <subfield code="s">2018-09-17</subfield>
    <subfield code="t">2</subfield>
    <subfield code="w">2013-09-06</subfield>
    <subfield code="y">LB</subfield>
  </datafield>
  <datafield tag="952" ind1=" " ind2=" ">
    <subfield code="0">0</subfield>
    <subfield code="1">0</subfield>
    <subfield code="2">lcc</subfield>
    <subfield code="4">0</subfield>
    <subfield code="7">0</subfield>
    <subfield code="a">04</subfield>
    <subfield code="b">04</subfield>
    <subfield code="d">2013-09-06</subfield>
    <subfield code="l">37</subfield>
    <subfield code="m">3</subfield>
    <subfield code="o">QH307.2 B54 2012</subfield>
    <subfield code="p">05 001479</subfield>
    <subfield code="r">2023-02-17</subfield>
    <subfield code="s">2018-09-17</subfield>
    <subfield code="t">3</subfield>
    <subfield code="w">2013-09-06</subfield>
    <subfield code="y">LB</subfield>
  </datafield>
  <datafield tag="952" ind1=" " ind2=" ">
    <subfield code="0">0</subfield>
    <subfield code="1">0</subfield>
    <subfield code="2">lcc</subfield>
    <subfield code="4">0</subfield>
    <subfield code="7">0</subfield>
    <subfield code="a">04</subfield>
    <subfield code="b">04</subfield>
    <subfield code="d">2014-12-29</subfield>
    <subfield code="l">34</subfield>
    <subfield code="o">QH307.2 B54 2012</subfield>
    <subfield code="p">05 001790</subfield>
    <subfield code="r">2023-06-16</subfield>
    <subfield code="s">2018-05-11</subfield>
    <subfield code="t">4</subfield>
    <subfield code="w">2014-12-29</subfield>
    <subfield code="y">LB</subfield>
  </datafield>
  <datafield tag="952" ind1=" " ind2=" ">
    <subfield code="0">0</subfield>
    <subfield code="1">0</subfield>
    <subfield code="2">lcc</subfield>
    <subfield code="4">0</subfield>
    <subfield code="7">0</subfield>
    <subfield code="a">04</subfield>
    <subfield code="b">04</subfield>
    <subfield code="d">2014-12-29</subfield>
    <subfield code="l">7</subfield>
    <subfield code="o">QH307.2 B54 2012</subfield>
    <subfield code="p">05 001791</subfield>
    <subfield code="r">2023-06-16</subfield>
    <subfield code="s">2017-09-06</subfield>
    <subfield code="t">5</subfield>
    <subfield code="w">2014-12-29</subfield>
    <subfield code="y">LB</subfield>
  </datafield>
  <datafield tag="952" ind1=" " ind2=" ">
    <subfield code="0">0</subfield>
    <subfield code="1">0</subfield>
    <subfield code="2">lcc</subfield>
    <subfield code="4">0</subfield>
    <subfield code="7">0</subfield>
    <subfield code="a">01</subfield>
    <subfield code="b">01</subfield>
    <subfield code="d">2015-01-14</subfield>
    <subfield code="l">6</subfield>
    <subfield code="o">570 B484b</subfield>
    <subfield code="p">01 002851</subfield>
    <subfield code="r">2025-02-18</subfield>
    <subfield code="s">2016-02-16</subfield>
    <subfield code="t">1</subfield>
    <subfield code="w">2015-01-14</subfield>
    <subfield code="y">LB</subfield>
  </datafield>
  <datafield tag="952" ind1=" " ind2=" ">
    <subfield code="0">0</subfield>
    <subfield code="1">0</subfield>
    <subfield code="2">lcc</subfield>
    <subfield code="4">0</subfield>
    <subfield code="7">0</subfield>
    <subfield code="a">04</subfield>
    <subfield code="b">04</subfield>
    <subfield code="d">2015-04-23</subfield>
    <subfield code="l">8</subfield>
    <subfield code="o">QH307.2 B54 2012</subfield>
    <subfield code="p">05 002009</subfield>
    <subfield code="r">2023-02-10</subfield>
    <subfield code="s">2019-03-04</subfield>
    <subfield code="t">6</subfield>
    <subfield code="w">2015-04-23</subfield>
    <subfield code="y">LB</subfield>
  </datafield>
  <datafield tag="952" ind1=" " ind2=" ">
    <subfield code="0">0</subfield>
    <subfield code="1">0</subfield>
    <subfield code="2">lcc</subfield>
    <subfield code="4">0</subfield>
    <subfield code="7">0</subfield>
    <subfield code="a">04</subfield>
    <subfield code="b">04</subfield>
    <subfield code="d">2015-04-23</subfield>
    <subfield code="l">5</subfield>
    <subfield code="o">QH307.2 B54 2012</subfield>
    <subfield code="p">05 002010</subfield>
    <subfield code="r">2023-02-10</subfield>
    <subfield code="s">2018-10-02</subfield>
    <subfield code="t">7</subfield>
    <subfield code="w">2015-04-23</subfield>
    <subfield code="y">LB</subfield>
  </datafield>
  <datafield tag="952" ind1=" " ind2=" ">
    <subfield code="0">0</subfield>
    <subfield code="1">0</subfield>
    <subfield code="2">lcc</subfield>
    <subfield code="4">0</subfield>
    <subfield code="7">0</subfield>
    <subfield code="a">04</subfield>
    <subfield code="b">04</subfield>
    <subfield code="d">2015-10-14</subfield>
    <subfield code="l">34</subfield>
    <subfield code="o">QH307.2 B54 2012</subfield>
    <subfield code="p">05 002166</subfield>
    <subfield code="r">2023-02-13</subfield>
    <subfield code="s">2019-03-07</subfield>
    <subfield code="t">8</subfield>
    <subfield code="w">2015-10-14</subfield>
    <subfield code="y">LB</subfield>
  </datafield>
  <datafield tag="952" ind1=" " ind2=" ">
    <subfield code="0">0</subfield>
    <subfield code="1">0</subfield>
    <subfield code="2">lcc</subfield>
    <subfield code="4">0</subfield>
    <subfield code="7">0</subfield>
    <subfield code="a">04</subfield>
    <subfield code="b">04</subfield>
    <subfield code="d">2015-10-14</subfield>
    <subfield code="l">19</subfield>
    <subfield code="o">QH307.2 B54 2012</subfield>
    <subfield code="p">05 002167</subfield>
    <subfield code="r">2023-02-13</subfield>
    <subfield code="s">2019-10-28</subfield>
    <subfield code="t">9</subfield>
    <subfield code="w">2015-10-14</subfield>
    <subfield code="y">LB</subfield>
  </datafield>
  <datafield tag="999" ind1=" " ind2=" ">
    <subfield code="c">90747</subfield>
    <subfield code="d">90747</subfield>
  </datafield>
  <controlfield tag="008">130906s2012    mx ao         001 0 spa d</controlfield>
  <datafield tag="020" ind1=" " ind2=" ">
    <subfield code="a">9786071506382</subfield>
  </datafield>
  <datafield tag="050" ind1=" " ind2="4">
    <subfield code="a">QH307.2 </subfield>
    <subfield code="b">B54 2012</subfield>
  </datafield>
  <datafield tag="082" ind1=" " ind2=" ">
    <subfield code="a">570 B484b</subfield>
  </datafield>
  <datafield tag="245" ind1="0" ind2="0">
    <subfield code="a">Biolog&#xED;a</subfield>
    <subfield code="c"> / Alton Biggs... [et. al.] </subfield>
  </datafield>
  <datafield tag="260" ind1=" " ind2=" ">
    <subfield code="a">M&#xE9;xico</subfield>
    <subfield code="b"> : McGraw Hill</subfield>
    <subfield code="c">, 2012</subfield>
  </datafield>
  <datafield tag="300" ind1=" " ind2=" ">
    <subfield code="a">xxix,1220 p&#xE1;ginas </subfield>
    <subfield code="b"> : ilustraciones a color : fotograf&#xED;as </subfield>
    <subfield code="c"> ; 27 cm.</subfield>
  </datafield>
  <datafield tag="490" ind1="0" ind2=" ">
    <subfield code="a">Ciencias de Glencoe</subfield>
  </datafield>
  <datafield tag="505" ind1="0" ind2=" ">
    <subfield code="a">El estudio de la vida
Principios de la ecolog&#xED;a
Comunidades, b&#xED;omas y ecosistemas
Ecolog&#xED;a de las poblaciones
La biodiversidad y la conservaci&#xF3;n
La qu&#xED;mica en la biolog&#xED;a
Estructura y funci&#xF3;n celular
Energ&#xED;a celular
Reproducci&#xF3;n
Reproducci&#xF3;n sexual a la gen&#xE9;tica
Herencia compleja  y herencia humana
Gen&#xE9;tica molecular
Gen&#xE9;tica y biotecnolog&#xED;a
La historia de la vida
Evoluci&#xF3;n
La evoluci&#xF3;n de los primates
Introducci&#xF3;n a las plantas
La estructura y funci&#xF3;n de las plantas
La reproducci&#xF3;n en las plantas
Introducci&#xF3;n a los animales</subfield>
  </datafield>
  <datafield tag="519" ind1=" " ind2=" ">
    <subfield code="a">Plan UNAM / </subfield>
    <subfield code="b">Preparatoria Quinto A&#xF1;o / </subfield>
    <subfield code="c">Biolog&#xED;a IV (1502) / </subfield>
    <subfield code="d">(05 001477 ; 05 001478)</subfield>
  </datafield>
  <datafield tag="519" ind1=" " ind2=" ">
    <subfield code="a">Plan UNAM / </subfield>
    <subfield code="b">Preparatoria Sexto A&#xF1;o / </subfield>
    <subfield code="c">Temas Selectos de Biolog&#xED;a - &#xC1;rea II (1711) / </subfield>
    <subfield code="d">(05 001790 ; 05 001791)</subfield>
  </datafield>
  <datafield tag="519" ind1=" " ind2=" ">
    <subfield code="a">Plan UNAM / </subfield>
    <subfield code="b">CCH Tercer Semestre / </subfield>
    <subfield code="c">Biolog&#xED;a I (1303) / </subfield>
    <subfield code="d">(05 002009 ; 05 002010)</subfield>
  </datafield>
  <datafield tag="519" ind1=" " ind2=" ">
    <subfield code="a">Plan UNAM / </subfield>
    <subfield code="b">CCH Cuarto Semestre / </subfield>
    <subfield code="c">Biolog&#xED;a II (1403) / </subfield>
    <subfield code="d">(05 001479 ; 05 001478)</subfield>
  </datafield>
  <datafield tag="519" ind1=" " ind2=" ">
    <subfield code="a">Plan UNAM / </subfield>
    <subfield code="b">CCH Quinto Semestre / </subfield>
    <subfield code="c">Biolog&#xED;a III (1505) / </subfield>
    <subfield code="d">(05 002166 ; 05 002167)</subfield>
  </datafield>
  <datafield tag="650" ind1=" " ind2="4">
    <subfield code="a">BIOLOG&#xCD;A</subfield>
    <subfield code="x">ESTUDIO Y ENSE&#xD1;ANZA</subfield>
  </datafield>
  <datafield tag="650" ind1=" " ind2="4">
    <subfield code="a">ECOLOG&#xCD;A</subfield>
    <subfield code="x">BIODIVERSIDAD</subfield>
  </datafield>
  <datafield tag="650" ind1=" " ind2="4">
    <subfield code="a">GEN&#xC9;TICA</subfield>
    <subfield code="x">EVOLUCION</subfield>
  </datafield>
  <datafield tag="650" ind1=" " ind2="4">
    <subfield code="a">FISIOLOG&#xCD;A ANIMAL</subfield>
  </datafield>
  <datafield tag="650" ind1=" " ind2="4">
    <subfield code="a">FISIOLOG&#xCD;A HUMANA</subfield>
  </datafield>
  <datafield tag="700" ind1="1" ind2=" ">
    <subfield code="a">Biggs, Alton </subfield>
    <subfield code="e">, autor </subfield>
  </datafield>
  <datafield tag="700" ind1="1" ind2=" ">
    <subfield code="a">Crispen Hagins, Whitney</subfield>
    <subfield code="e">, autor </subfield>
  </datafield>
  <datafield tag="700" ind1="1" ind2=" ">
    <subfield code="a">Holliday, William G. </subfield>
    <subfield code="e">, autor </subfield>
  </datafield>
  <datafield tag="700" ind1="1" ind2=" ">
    <subfield code="a">Kapicka, Chris L. </subfield>
    <subfield code="e">, autor </subfield>
  </datafield>
  <datafield tag="700" ind1="1" ind2=" ">
    <subfield code="a">Lundgren, Linda </subfield>
    <subfield code="e">, autor </subfield>
  </datafield>
  <datafield tag="700" ind1="1" ind2=" ">
    <subfield code="a">MacKenzie, Ann Haley </subfield>
    <subfield code="e">, autor </subfield>
  </datafield>
  <datafield tag="700" ind1="1" ind2=" ">
    <subfield code="a">Rogers, William D. </subfield>
    <subfield code="e">, autor </subfield>
  </datafield>
  <datafield tag="700" ind1="1" ind2=" ">
    <subfield code="a">Sewer, Marlon B. </subfield>
    <subfield code="e">, autor </subfield>
  </datafield>
  <datafield tag="700" ind1="1" ind2=" ">
    <subfield code="a">Zike, Dinah </subfield>
    <subfield code="e">, autor </subfield>
  </datafield>
  <datafield tag="942" ind1=" " ind2=" ">
    <subfield code="c">LB</subfield>
    <subfield code="2">lcc</subfield>
  </datafield>
</record>
